Ciudades Más Grandes en Andhra Pradesh - Estadísticas

Estadísticas generales
  • Esta prueba ha sido intentada 2 veces
  • La puntuación promedio es 3 de 10
Estadísticas de respuestas
Población Ciudad % Correcto
1,728,128 Visakhapatnam
100%
340,613 Anantapur
50%
476,873 Rajahmundry
50%
1,476,931 Vijayawada
50%
670,073 Guntur
0%
344,893 Kadapa
0%
443,028 Kakinada
0%
484,327 Kurnool
0%
558,548 Nellore
0%
461,900 Tirupati
0%
No se encontraron pruebas coincidentes
Distribución de puntuación
Porcentaje de gente con cada puntuación
Porcentaje por número respondido
Historial de tus puntuaciones
No has intentado esta prueba.